000
00260nam a2200109Ia 4500
008
240625s9999 xx 000 0 und d
041
_a
eng
082
_a
808.20 SIN
100
_a
SINGH ATUL
245
_a
CONSUMER BUYING BEHAVIOUR TOWARDS WASHIN
260
_c
2013
999
_c
37032
_d
37032